[Event "AUTO-OPEN-442"]
[Site "http://www.queenalice.com/game.php?id=125961"]
[Date "2006.11.6"]
[Round "1"]
[White "remis"]
[Black "joelmirmuller"]
[Result "1-0"]
[WhiteElo "1608"]
[BlackElo "1276"]

1. Nf3 e5 2. Nxe5 Bc5 3. d4 Bb4+ 4. Bd2 Bd6 5. Nc4 Nf6 6. Nxd6+ cxd6 7. Nc3 d5
8. Bg5 Qa5 9. Bxf6 gxf6 10. Qd2 Nc6 11. a3 Qb6 12. e3 d6 13. O-O-O Bf5 14. Nxd5
Qa5 15. Qxa5 Nxa5 16. Nc7+ Kd7 17. Nxa8 Rxa8 18. Bd3 Bg4 19. f3 Be6 20. e4 Nc6
21. d5 Bxd5 22. exd5 Ne7 23. Bxh7 Rc8 24. Be4 f5 25. Bd3 b6 26. h4 f4 27. h5
Nxd5 28. Bf5+ Kc6 29. Bxc8 Kc7 30. Rxd5 Kxc8 31. h6 Kd7 32. h7 Kc6 33. Rf5 a5
34. h8=Q d5 35. Qc8+ Kd6 36. Re1 a4 37. Rf6# 1-0

[Event "AUTO-OPEN-442"]
[Site "http://www.queenalice.com/game.php?id=125962"]
[Date "2006.11.6"]
[Round "1"]
[White "joelmirmuller"]
[Black "remis"]
[Result "0-1"]
[WhiteElo "1291"]
[BlackElo "1617"]

1. e4 e5 2. Bc4 Nf6 3. Nh3 d5 4. Bxd5 Nxd5 5. exd5 Qxd5 6. d3 Bxh3 7. Qf3 Bxg2
8. Qxd5 Bxd5 9. Rg1 Nc6 10. Nc3 Bb4 11. a3 Bxc3+ 12. bxc3 O-O 13. c4 Be6 14. Rg3
Kh8 15. h4 Nd4 16. Ra2 b5 17. c3 Nf5 18. Rf3 Nxh4 19. Rg3 bxc4 20. dxc4 Bxc4 21.
Rb2 Rab8 22. Rb4 Rxb4 23. cxb4 Nf5 24. Rg4 Nd4 25. Kd2 Nb3+ 26. Kc2 Nxc1 27.
Kxc1 Be6 28. Re4 f6 29. f3 Rd8 30. Kb2 Rd4 31. Re2 Rd3 32. Rf2 Bd5 33. f4 Rf3
34. Rd2 c6 35. fxe5 fxe5 36. Rc2 e4 37. a4 e3 38. b5 cxb5 39. axb5 Rf2 40. Kc3
Rxc2+ 0-1

[Event "AUTO-OPEN-446"]
[Site "http://www.queenalice.com/game.php?id=127674"]
[Date "2006.11.10"]
[Round "1"]
[White "aquinas"]
[Black "remis"]
[Result "0-1"]
[WhiteElo "1788"]
[BlackElo "1621"]

1. e4 e5 2. Nf3 Nc6 3. Bb5 a6 4. Ba4 b5 5. Bb3 Nf6 6. O-O Bc5 7. Re1 Ng4 8. Re2
Nd4 9. Nxd4 Bxd4 10. c3 Bxf2+ 11. Rxf2 Nxf2 12. Kxf2 Qh4+ 13. Kg1 Qxe4 14. Qf1
O-O 15. d3 Qg6 16. Qf3 Rb8 17. Be3 Bb7 18. Bd5 Qxd3 19. Bxb7 Rxb7 20. Bc5 Qxf3
21. gxf3 d6 22. Be3 f5 23. f4 exf4 24. Bxf4 Rbb8 25. Nd2 Rbe8 26. Kf2 Re6 27.
Re1 Rxe1 28. Kxe1 h6 29. Kf2 g5 30. Be3 f4 31. Bd4 c5 32. Bxc5 dxc5 33. Kf3 Re8
34. Ne4 Rxe4 35. Kxe4 Kf7 36. b3 Ke6 37. c4 b4 38. h3 a5 39. h4 gxh4 40. Kxf4 h3
41. Kg3 Ke5 42. Kxh3 Kd4 0-1

[Event "AUTO-OPEN-446"]
[Site "http://www.queenalice.com/game.php?id=127675"]
[Date "2006.11.10"]
[Round "1"]
[White "remis"]
[Black "aquinas"]
[Result "0-1"]
[WhiteElo "1747"]
[BlackElo "1838"]

1. Nf3 d5 2. c4 dxc4 3. e3 Be6 4. Ng5 Qd6 5. Nxe6 Qxe6 6. Qc2 b5 7. a4 c6 8.
axb5 cxb5 9. Na3 Qc6 10. Nxb5 Qxb5 11. Bxc4 Qb6 12. Bb5+ Nd7 13. Ra6 Qxb5 14.
Rc6 e6 15. b3 Bb4 16. Bb2 Ne7 17. Rc4 Rd8 18. Bxg7 Rg8 19. O-O Rxg7 20. Rc1 Qb7
21. Rc7 Qxg2# 0-1

[Event "AUTO-OPEN-446"]
[Site "http://www.queenalice.com/game.php?id=127700"]
[Date "2006.11.10"]
[Round "1"]
[White "Brandt"]
[Black "remis"]
[Result "1/2-1/2"]
[WhiteElo "1854"]
[BlackElo "1580"]

1. d4 Nf6 2. c4 c5 3. Nf3 cxd4 4. Qxd4 Nc6 5. Qd1 d6 6. Nc3 Bf5 7. a3 g6 8. g3
Bg7 9. Bg2 O-O 10. O-O Ne4 11. Nxe4 Bxe4 12. Ne1 Bxg2 13. Nxg2 Ne5 14. Qb3 Qd7
15. Rb1 Rac8 16. Ne3 Rc6 17. Bd2 Rfc8 18. Rfc1 Bh6 19. Rc2 Bxe3 20. Bxe3 b6 21.
Qb5 Rxc4 22. Qxd7 Nxd7 23. Rxc4 Rxc4 24. b3 Rc2 25. Kf1 Ne5 26. a4 Ng4 27. b4
Nxe3+ 28. fxe3 Kg7 29. a5 bxa5 30. bxa5 Rc5 31. Ra1 a6 32. Kf2 Rf5+ 33. Kg2 Kf8
34. e4 Re5 35. Kf3 Ke8 36. Ra4 Kd7 37. Kf4 Kc7 38. h3 Kc6 39. e3 Kb5 40. Ra1 Kb4
41. Ra2 Rxa5 42. Rb2+ Kc5 43. Rb7 e5+ 44. Kf3 Ra1 45. Kf2 a5 46. Rxf7 a4 47.
Rxh7 a3 48. Ra7 Kb4 49. Kf3 a2 50. Kg4 Re1 51. Rxa2 Rxe3 52. Ra6 Rxe4+ 53. Kg5
Re3 54. Kg4 Re4+ 55. Kf3 Rd4 56. Ra8 Rd3+ 1/2-1/2

[Event "AUTO-OPEN-446"]
[Site "http://www.queenalice.com/game.php?id=127701"]
[Date "2006.11.10"]
[Round "1"]
[White "remis"]
[Black "Brandt"]
[Result "0-1"]
[WhiteElo "1627"]
[BlackElo "1834"]

1. Nf3 Nf6 2. d4 d5 3. c4 dxc4 4. e3 Bg4 5. Bxc4 e6 6. h3 Bh5 7. Nc3 Bb4 8. Qa4+
Nc6 9. Bb5 Bxc3+ 10. bxc3 Bxf3 11. gxf3 Qd5 12. Bxc6+ bxc6 13. Ke2 Qb5+ 14. Qxb5
cxb5 15. Ba3 Nd5 16. Bb4 a5 17. Bc5 Nxc3+ 18. Kd3 Nd5 19. Rhb1 c6 20. Rc1 Kd7
21. a3 b4 22. axb4 axb4 23. e4 Nf4+ 24. Ke3 Ng2+ 25. Kd2 b3 26. Kc3 Rab8 27.
Rcb1 Nf4 28. Rxb3 Rxb3+ 29. Kxb3 Rb8+ 30. Kc3 Rb7 31. Ra7 Rxa7 32. Bxa7 Nxh3 33.
Kd2 Nxf2 34. Ke2 Nh3 35. Bb8 Ng5 36. f4 Nxe4 0-1

[Event "AUTO-OPEN-446"]
[Site "http://www.queenalice.com/game.php?id=127716"]
[Date "2006.11.10"]
[Round "1"]
[White "BaronFel"]
[Black "remis"]
[Result "1-0"]
[WhiteElo "1969"]
[BlackElo "1685"]

1. d4 Nf6 2. c4 c5 3. d5 b5 4. cxb5 a6 5. bxa6 Bxa6 6. g3 g6 7. Bg2 d6 8. Bd2
Bg7 9. Nh3 O-O 10. O-O Nbd7 11. Bc3 Bc4 12. Na3 Nb6 13. Nxc4 Nxc4 14. e4 Ra6 15.
Qe2 Qa8 16. Qxc4 Ra4 17. Qe2 Re8 18. e5 Nxd5 19. e6 Nxc3 20. exf7+ Kxf7 21. Ng5+
Kg8 22. Qe6+ 1-0

[Event "AUTO-OPEN-446"]
[Site "http://www.queenalice.com/game.php?id=127717"]
[Date "2006.11.10"]
[Round "1"]
[White "remis"]
[Black "BaronFel"]
[Result "0-1"]
[WhiteElo "1598"]
[BlackElo "2073"]

1. Nf3 d5 2. c4 d4 3. e3 Nc6 4. Nxd4 Nxd4 5. exd4 Qxd4 6. Nc3 e5 7. Nb5 Qb6 8.
d4 c6 9. c5 Qd8 10. Nd6+ Bxd6 11. cxd6 Qxd6 12. dxe5 Qxe5+ 13. Be2 Bg4 14. f3
Be6 15. O-O Qc5+ 16. Kh1 Nf6 17. Bd2 O-O-O 18. Rc1 Qd6 19. Ba5 Qxd1 20. Rfxd1
Rxd1+ 21. Rxd1 Bxa2 22. Ra1 Be6 23. Bc3 a6 24. Rd1 Re8 25. Bxf6 gxf6 26. Bd3 Rd8
27. Bc2 Rxd1+ 28. Bxd1 b5 29. Bc2 h6 30. Kg1 f5 31. Kf2 Kd7 32. Ke3 Ke7 33. Kf4
Kf6 34. g3 a5 35. h4 a4 36. Bb1 b4 37. Ke3 Ke5 38. f4+ Kd5 39. Kd3 Kc5 40. Kc2
Kc4 41. Ba2+ b3+ 42. Kb1 bxa2+ 43. Kxa2 Kd4+ 44. Kb1 Ke3 0-1

[Event "Let's Play Chess!"]
[Site "http://www.queenalice.com/game.php?id=132465"]
[Date "2006.11.22"]
[Round "-"]
[White "remis"]
[Black "papilon_br"]
[Result "1-0"]
[WhiteElo "1559"]
[BlackElo "1646"]

1. c4 e5 2. Nc3 Nc6 3. g3 Nf6 4. Bg2 g6 5. d3 Bb4 6. Bd2 d5 7. cxd5 Bxc3 8. dxc6
Bxd2+ 9. Qxd2 O-O 10. cxb7 Bxb7 11. Bxb7 Rb8 12. Bg2 Qd4 13. Rb1 Ng4 14. e3 Qd6
15. h3 Nf6 16. Ne2 Rfd8 17. d4 e4 18. O-O c5 19. Rfd1 cxd4 20. Qxd4 Qe7 21. Qc4
Qe5 22. Rxd8+ Rxd8 23. Qc3 Qxc3 24. Nxc3 a5 25. Rd1 Re8 26. Rd4 1-0

[Event "Challenge"]
[Site "http://www.queenalice.com/game.php?id=135311"]
[Date "2006.11.30"]
[Round "-"]
[White "rxk"]
[Black "remis"]
[Result "1-0"]
[WhiteElo "1750"]
[BlackElo "1666"]

1. d4 d5 2. c4 c6 3. Nc3 Nf6 4. e3 e6 5. Nf3 Bb4 6. a3 Bxc3+ 7. bxc3 O-O 8. cxd5
cxd5 9. Bd3 Nc6 10. O-O Bd7 11. Qc2 h6 12. Re1 Rc8 13. Qb1 b6 14. e4 dxe4 15.
Bxe4 Nxe4 16. Qxe4 Ne7 17. Ne5 Rxc3 18. Ng4 f5 19. Nxh6+ gxh6 20. Qh4 Rxc1 21.
Raxc1 Kh7 22. Re3 Nd5 23. Qxd8 Rxd8 24. Rf3 Bc6 25. Rxc6 1-0

[Event "Challenge"]
[Site "http://www.queenalice.com/game.php?id=138094"]
[Date "2006.12.7"]
[Round "-"]
[White "remis"]
[Black "pimpi"]
[Result "0-1"]
[WhiteElo "1621"]
[BlackElo "1526"]

1. e4 c5 2. Nf3 e6 3. d4 cxd4 4. Nxd4 a6 5. Nc3 Qc7 6. Be2 b5 7. O-O Bb7 8. Bh5
b4 9. Qf3 g6 10. Qf6 Nxf6 11. Bf3 bxc3 0-1

[Event "Challenge"]
[Site "http://www.queenalice.com/game.php?id=138356"]
[Date "2006.12.7"]
[Round "-"]
[White "remis"]
[Black "rxk"]
[Result "0-1"]
[WhiteElo "1642"]
[BlackElo "1793"]

1. e4 c5 2. Nf3 e6 3. d4 cxd4 4. Nxd4 d6 5. Nc3 Nc6 6. Be3 Bd7 7. Bb5 a6 8. Nxc6
bxc6 9. Be2 Nf6 10. O-O Be7 11. Bf4 e5 12. Bg5 O-O 13. Bxf6 gxf6 14. Bg4 Kh8 15.
f4 Rg8 16. f5 Qb6+ 17. Kh1 Rg7 18. b3 Rag8 19. h3 Qe3 20. Qe1 Qc5 21. Rf3 d5 22.
exd5 cxd5 23. Rd1 d4 24. Ne4 Qc6 25. Rf2 a5 26. Re2 Bb4 27. Qf1 Rxg4 28. hxg4
Rxg4 29. Rd3 Rxe4 30. Rxe4 Qxe4 31. Qf3 Bxf5 32. Qxe4 Bxe4 33. Rh3 Bxc2 34. Rf3
d3 35. Rxf6 d2 0-1

[Event "Challenge"]
[Site "http://www.queenalice.com/game.php?id=139257"]
[Date "2006.12.10"]
[Round "-"]
[White "Rock"]
[Black "remis"]
[Result "0-1"]
[WhiteElo "1058"]
[BlackElo "1559"]

1. d4 d5 2. Nc3 e6 3. Nf3 c5 4. Bg5 Nf6 5. e3 cxd4 6. exd4 Bb4 7. Bb5+ Bd7 8.
O-O Bxc3 9. Qd3 Ba5 10. Ne5 a6 11. c4 axb5 12. cxb5 O-O 13. a3 h6 14. b4 Bc7 15.
Bf4 Be8 16. g3 Nbd7 17. Rac1 Rc8 18. a4 Nxe5 19. Qe3 Ng6 0-1

[Event "Challenge"]
[Site "http://www.queenalice.com/game.php?id=141350"]
[Date "2006.12.14"]
[Round "-"]
[White "pimpi"]
[Black "remis"]
[Result "1-0"]
[WhiteElo "1794"]
[BlackElo "1658"]

1. e4 e5 2. Nf3 Nc6 3. Bb5 Nf6 4. O-O Nxe4 5. d4 Nd6 6. Bxc6 dxc6 7. dxe5 Nf5 8.
Qxd8+ Kxd8 9. Nc3 h6 10. h3 Ke8 11. Ne2 Be6 12. Nf4 Bc4 13. Re1 Rd8 14. e6 Bd6
15. exf7+ Kxf7 16. b3 Ba6 17. g4 Ne7 18. Ne6 Rd7 19. Bb2 Rg8 20. c4 Re8 21. Nxg7
1-0

[Event "Challenge"]
[Site "http://www.queenalice.com/game.php?id=144194"]
[Date "2006.12.20"]
[Round "-"]
[White "remis"]
[Black "spawnwolfwolverine"]
[Result "0-1"]
[WhiteElo "1614"]
[BlackElo "1607"]

1. c4 e5 2. Nc3 d6 3. g3 Nf6 4. Bg2 c6 5. d3 Be7 6. Bg5 O-O 7. Nf3 Ng4 8. Bxe7
Qxe7 9. O-O a6 10. Rc1 b5 11. cxb5 axb5 12. Ne4 c5 13. a3 Bb7 14. Ned2 Ra4 15.
Nb1 Bxf3 16. Bxf3 Rd4 17. e3 Ra4 18. Nc3 Nxh2 19. Kxh2 Ra6 20. Kg2 Rc8 21. Nd5
Qd8 22. Nc3 b4 23. axb4 cxb4 24. Nd5 Rxc1 25. Qxc1 b3 26. Qc7 Qxc7 27. Nxc7 Ra2
28. Rc1 Rxb2 29. Na6 Nd7 30. Nb8 Rc2 31. Rb1 Nxb8 32. Rxb3 Nd7 33. Bg4 Nf8 34.
Rb6 d5 35. Rb5 e4 36. d4 g6 37. Rxd5 f5 38. Bd1 Rd2 39. Bb3 Kg7 0-1

[Event "AUTO-INT-296"]
[Site "http://www.queenalice.com/game.php?id=148252"]
[Date "2006.12.30"]
[Round "1"]
[White "remis"]
[Black "chouia"]
[Result "0-1"]
[WhiteElo "1552"]
[BlackElo "1603"]

1. c4 c5 2. Nc3 d6 3. g3 Nc6 4. Nf3 Be6 5. d3 Nf6 6. Bg2 g6 7. b3 Bg7 8. Bb2 Qa5
9. O-O Ng4 10. Qc1 O-O 11. Qd2 Rab8 12. Nd1 Qxd2 13. Nxd2 Nd4 14. Bxd4 Bxd4 15.
Rc1 b5 16. Nc3 b4 17. Nd5 Bxd5 18. Bxd5 e6 19. Bf3 Ne5 20. Bg2 f5 21. e3 Bc3 22.
Nb1 Nxd3 23. Rcd1 Ne5 24. Rxd6 Rfe8 25. Nxc3 bxc3 26. Rc1 Nf7 27. Rdd1 e5 28.
Rxc3 e4 29. Rc2 Ne5 30. Rcd2 Nd3 31. Bf1 Rbd8 32. Bxd3 exd3 33. Rxd3 Rxd3 34.
Rxd3 Re7 35. Rd5 Rc7 36. Kf1 Kf7 37. Ke2 Ke6 38. Kd3 a5 39. f3 h6 40. f4 g5 41.
Re5+ Kf6 0-1

[Event "AUTO-INT-296"]
[Site "http://www.queenalice.com/game.php?id=148253"]
[Date "2006.12.30"]
[Round "1"]
[White "chouia"]
[Black "remis"]
[Result "1-0"]
[WhiteElo "1617"]
[BlackElo "1538"]

1. d4 Nf6 2. Nf3 e6 3. Bf4 c5 4. c3 d5 5. e3 Nc6 6. Bb5 Bd7 7. Nbd2 a6 8. Ba4
Be7 9. O-O O-O 10. Bg3 cxd4 11. cxd4 Rc8 12. a3 Na5 13. Bxd7 Qxd7 14. Ne5 Qd8
15. b4 Nc4 16. Ndxc4 dxc4 17. Rc1 b5 18. Qc2 Nd5 19. Rfd1 f6 20. Nf3 Bd6 21.
Bxd6 Qxd6 22. e4 Ne7 23. e5 fxe5 24. dxe5 Qb6 25. Rd6 Rc6 26. Rd7 Rc7 27. Ng5 g6
28. Rxc7 Qxc7 29. Nxe6 Qxe5 30. Nxf8 Kxf8 31. h3 Nd5 32. Rf1 Nf4 33. Qd2 Qe4 34.
Qd6+ Kg7 35. f3 Qe3+ 36. Kh1 Nxg2 37. Qg3 Nf4 38. Re1 Ne2 39. Qh2 Qxf3+ 40. Qg2
Ng3+ 41. Kh2 1-0

[Event "AUTO-INT-296"]
[Site "http://www.queenalice.com/game.php?id=148254"]
[Date "2006.12.30"]
[Round "1"]
[White "remis"]
[Black "prof_zeco"]
[Result "0-1"]
[WhiteElo "1620"]
[BlackElo "1577"]

1. c4 Nc6 2. Nc3 e5 3. Nf3 e4 4. Nxe4 Qe7 5. d3 d6 6. Be3 Nf6 7. Bg5 Bg4 8. e3
Ne5 9. Be2 Bxf3 10. Bxf3 Qe6 11. O-O O-O-O 12. Nxf6 gxf6 13. Bd5 Qf5 14. Bf4 Rg8
15. Be4 Qd7 16. Bxh7 Rg7 17. Be4 f5 18. Bd5 Be7 19. Qb3 c6 20. Bxe5 dxe5 21.
Rfd1 f4 22. Bxf7 Qh3 23. g3 Rh8 0-1